Juicy by the Notorious B.I.G. - Lyrics - Statistics

General Stats
  • This quiz has been taken 173 times
  • The average score is 74 of 114
Answer Stats
Lyrics % Correct
It was all a {dream}, I used to read Word Up! magazine
93%
Called the {police} on me when I was just tryin' to make some money to feed my daughter (it's all good)
89%
Hangin' {pictures} on my wall
87%
And if you don't {know}, now you {know}, n****
85%
And {on} and {on}, and {on} and {on}
84%
Reach for the {stars}
84%
And it's all (It's all {good}, n****)
82%
And it's still all {good}
82%
Bad Boy, it's all {good}, n****
82%
Biggie Smalls, it's all {good}, n****
82%
It's all {good}
82%
It's all {good} (it's all {good})
82%
Junior Mafia, it's all {good}, n****
82%
Who you {are}
82%
To all the {teachers} that told me I'd never amount to nothin'
80%
You know very {well}
80%
'Cause you're the {only} one
79%
Time to get paid, blow up like the {World} {Trade}
79%
You know what I'm sayin'? It's all good, {baby} {baby}
79%
Now I'm in the limelight 'cause I rhyme {tight}
76%
{Salt}-{n}-{Pepa} and Heavy D up in the limousine
76%
With the hat to {match}
76%
Born sinner, the {opposite} of a winner
75%
Remember when I used to eat {sardines} for dinner
75%
Way back, when I had the red and black {lumberjack}
75%
Smokin' weed in Bambu, sippin' on {Private} {Stock}
74%
You never thought that {hip}-{hop} would take it this far
74%
To all the people that lived above the buildings I was {hustlin'} in front of
73%
Yeah, this {album} is dedicated
73%
'Cause I went from negative to {positive}
71%
Birthdays was the {worst} days
70%
And all the n***** in the {struggle}
69%
Considered a {fool} 'cause I dropped out of high school
69%
Girls used to {diss} me
69%
Now they write {letters} 'cause they miss me
69%
Super {Nintendo}, Sega Genesis
69%
Don't let 'em {hold} you down
68%
Now we sip {Champagne} when we thirsty
68%
Sold-out seats to hear {Biggie} {Smalls} speak
68%
When I was dead {broke}, man, I couldn't picture this
66%
From the {Mississippi} down to the East Coast
64%
Livin' life without {fear}
64%
Celebratin' every day, no more public {housin'}
63%
I never thought it could {happen}, this rappin' stuff
63%
I let my {tape} rock 'til my {tape} popped
62%
No need to worry, my {accountant} handles that
62%
{Spread} love, it's the Brooklyn way
62%
To up close and {personal} with Robin Leach
62%
I made the change from a common {thief}
61%
I'm {blowin'} up like you thought I would
61%
Now honeys play me close like butter play {toast}
60%
I was too used to {packin'} gats and stuff
58%
No heat, wonder why {Christmas} missed us
58%
Lunches, brunches, interviews by the {pool}
56%
But not that {many}
55%
Every Saturday {Rap Attack}, Mr. Magic, Marley Marl
55%
And she loves to show me off of {course}
54%
Thinkin' back on my one-room {shack}
54%
Junior {Mafia}, mad flavor
53%
Puttin' five {karats} in my baby girl's ear
53%
Call the {crib}, same number, same hood
52%
{Smiles} every time my face is up in The Source
52%
And my whole crew is {loungin'}
51%
{Stereotypes} of a black male misunderstood
50%
Uh, {damn} right, I like the life I live
47%
You had a {goal}
47%
50-inch screen, {money}-green leather sofa
45%
I'll give you good and {plenty}
44%
Now my {mom} pimps a Ac' with minks on her back
44%
We used to {fuss} when the landlord dissed us
43%
{Peace} to Ron G, Brucie B, Kid Capri
40%
Remember {Rappin'} {Duke}? Duh-ha, duh-ha
40%
And I'm far from {cheap}
39%
{Condos} in Queens, indo for weeks
38%
Got two rides, a limousine with a {chauffeur}
38%
Representin' B-Town in the {house}
37%
The Moët and Alizé keep me {pissy}
37%
{Phone} bill about two G's flat
31%
Funkmaster Flex, {Lovebug} Starski
30%
Uh, uh, {yeah}, aight
30%
I smoke {skunk} with my peeps all day
18%
That's right, {'94}
5%
No matching quizzes found
Score Distribution
Percent of People with Each Score
Percentile by Number Answered
Your Score History
You have not taken this quiz